| 000 | 00000nam 2200000za 4500 |
| 001 | 9.694596 |
| 003 | CaOODSP |
| 005 | 20250307091928 |
| 007 | cr ||||||||||| |
| 008 | 150407|2007||||xxc|||||o f|0| 0 eng d |
| 040 | |aCaOODSP|beng |
| 043 | |an-cn--- |
| 086 | 1 |aFR5-54/2007E-PDF |
| 110 | 1 |aCanada. |bForeign Affairs and International Trade Canada. |
| 245 | 10|aNational report of Canada on the implementation of commitments from the fourth Summit of the Americas |h[electronic resource] |
| 260 | |aOttawa - Ontario : |bForeign Affairs and International Trade |cMay 22, 2007. |
| 300 | |a20p. |
| 590 | |a11-07-Supp|b2011-05-17 |
| 690 | 07|aForeign policy|2gcpds |
| 775 | 08|t[National report of Canada on the implementation of commitments from the fourth Summit of the Americas] |w(CaOODSP)9.675277 |
| 775 | 08|tRapport du Canada sur la mise en oeuvre des compromis du quatrième Sommet des Amériques |w(CaOODSP)9.638770 |
| 794 | |tNational reports on implementation of commitments from the fourth Summit of the Americas (Canada, January 2007-December 2007) |w(CaOODSP)9.694598 |
| 856 | 40|ahttp://publications.gc.ca|qPDF|s204 KB|uhttps://publications.gc.ca/collections/collection_2011/aecic-faitc/FR5-54-2007-eng.pdf |